000 00512nam a22001817a 4500
003 MPLRDC
005 20220104173909.0
008 210129b ||||| |||| 00| 0 eng d
020 _a967-978-313-8
082 _a574.386 MCA 1990
100 _aMALAYSIAN CHINESE ASSOCIATION
245 _aTHE MALAYSIAN CHALLENGES IN THE 1990S - STRATEGIES FOR GROWTH AND DEVELOPMENT
_c
250 _a初版
260 _a
_bMALAYSIAN CHINESE ASSOCIATION
_c1990
300 _b
650 _a
942 _cBK
_o574.386 MCA 1990
999 _c59626
_d59616